Conhecimentos, concepções e práticas de cidadania dos jovens portugueses (Registo nº 694)

Detalhes MARC
000 -Etiqueta do registo
Cabeçalho 00804nam a2200277 4500
005 - Identificador da versão
Campo de controlo 20240822153923.0
010 ## - Número internacional normalizado dos livros (ISBN)
Número (ISBN) 9727422020
035 ## - Other System Control Numbers
System Control Number 0000724
System Control Number 0000719
System Control Number 0000719
System Control Number 0000707
100 ## - Dados gerais de processamento
Dados gerais de processamento 20050623d2005 m a0pory5003 ba
101 0# - Língua de publicação
Língua do texto, banda sonora, etc. Português
102 ## - Pais de publicação ou produção
País de publicação Portugal
105 ## - Campo de dados codificados: livros
Dados codificados dos livros y z---000yy
106 ## - Campo de dados codificados: material textual
Dados codificados do material textual r
200 1# - Titulo e menção de responsabilidade
Título próprio Conhecimentos, concepções e práticas de cidadania dos jovens portugueses
Informação de outro título um estudo internacional
Primeira menção de responsabilidade Isabel Menezes... [et al.]
210 ## - Publicação, Distribuição, etc. 
Lugar da edição, distribuição, etc. Lisboa
Nome do editor, distribuidor, etc. Direcção-Geral de Inovação e de Desenvolvimento Curricular
Data da publicação, distribuição, etc. 2005
215 ## - Descrição física 
Indicação específica da natureza do documento e extensão da espécie p.
225 2# - Colecção 
Título próprio da colecção Temas de investigação
Indicação de volume 33
675 ## - Classificação Decimal Universal (CDU)
Notação 342
Edição BN
Língua da edição por
Edição BN
Língua da edição por
Notação 371
Edição BN
Língua da edição por
Edição BN
Língua da edição por
701 #1 - Nome de autor-pessoa física (co-responsabilidade principal)
Palavra de ordem Meneses
Outra parte do nome não tomada para palavra de ordem Isabel
Datas 1965-
Código de função Autor / Co-autor
942 ## - Elementos de entrada adicionados (Koha)
Tipo de item no Koha Livro
Exemplares
Situação do levantamento Origin of item (home branch) (coded) Biblioteca de empréstimo Código de barras Circulation type (not for loan) Tipo de documento Nota do exemplar Damaged status
  Biblioteca Escolar Eng. Nuno Mergulhão Biblioteca Escolar Eng. Nuno Mergulhão BENM1182   Livro Sem mensagem